<?xml version="1.0" encoding="UTF-8"?>
<marc:record xmlns:marc="http://www.loc.gov/MARC21/slim">
   <marc:leader>00000nam a2200000 a 4500</marc:leader>
   <marc:datafield ind1="1" ind2=" " tag="100">
      <marc:subfield code="a">Sanderson, Brandon</marc:subfield>
      <marc:subfield code="4">aut</marc:subfield>
      <marc:subfield code="e">Verfasser/-in</marc:subfield>
   </marc:datafield>
   <marc:datafield ind1=" " ind2=" " tag="653">
      <marc:subfield code="a">Paperback</marc:subfield>
   </marc:datafield>
   <marc:datafield ind1=" " ind2=" " tag="653">
      <marc:subfield code="a">Autor &lt;Amerika&gt;</marc:subfield>
   </marc:datafield>
   <marc:datafield ind1="0" ind2="0" tag="245">
      <marc:subfield code="a">Bänder der Trauer</marc:subfield>
   </marc:datafield>
   <marc:datafield ind1=" " ind2="1" tag="264">
      <marc:subfield code="b">Piper</marc:subfield>
      <marc:subfield code="c">2017</marc:subfield>
   </marc:datafield>
   <marc:datafield ind1="1" ind2=" " tag="490">
      <marc:subfield code="a">Die Nebelgeborenen</marc:subfield>
   </marc:datafield>
   <marc:datafield ind1="1" ind2=" " tag="520">
      <marc:subfield code="a">Superstar Brandon Sanderson kehrt erneut in die Welt der Nebelgeborenen zurück: Die Bänder der Trauer sind ein Mythos. Sie sollen einst dem Lord Ruler selbst gehört haben, aber für die meisten ist dies nur eine Legende. Die metallenen Armreife, die ihrem Träger unvorstellbare Macht verleihen, existieren nicht. Oder doch? Als sich die Anzeichen verdichten, dass südlich von Elantel Hinweise auf den Verbleib der magischen Bänder gefunden wurden, müssen Wax und Wayne ermitteln. Und ihre Mission erweist sich schnell als weitaus größer und gefährlicher als gedacht.</marc:subfield>
   </marc:datafield>
   <marc:datafield ind1=" " ind2=" " tag="020">
      <marc:subfield code="a">9783492704441</marc:subfield>
      <marc:subfield code="9">9783492704441</marc:subfield>
   </marc:datafield>
</marc:record>
